The stranger (Record no. 58469)

MARC details
000 -LEADER
fixed length control field 00498nam a2200145 a 4500
008 - FIXED-LENGTH DATA ELEMENTS--GENERAL INFORMATION
fixed length control field 120416s1983 ||||||||||||||||| || u
020 ## - INTERNATIONAL STANDARD BOOK NUMBER
International Standard Book Number 0860252280
050 ## - LIBRARY OF CONGRESS CALL NUMBER
Classification number PR 6052. R35S8 B37
100 ## - MAIN ENTRY--PERSONAL NAME
Personal name Brand, Max
245 14 - TITLE STATEMENT
Title The stranger
260 ## - PUBLICATION, DISTRIBUTION, ETC.
Place of publication, distribution, etc. Hornchurch
Name of publisher, distributor, etc. Ian Henry Publications
Date of publication, distribution, etc. 1983
300 ## - PHYSICAL DESCRIPTION
Extent 142 pages
350 ## - PRICE (NR) (BK AM CF MU VM SE) [OBSOLETE]
Price 0.00
995 ## - RECOMMENDATION 995 [LOCAL, UNIMARC FRANCE]
-- 0.00
-- CBU-MAIN LIBRARY (Kitwe)
-- 1
-- 5.45
-- 1
-- AVAILABLE
-- Annex Low-Usage Collection
Holdings
Withdrawn status Lost status Source of classification or shelving scheme Damaged status Not for loan Home library Current library Shelving location Date acquired Total Checkouts Full call number Barcode Date last seen Price effective from Koha item type
          CBU-MAIN LIBRARY, KITWE. CBU-MAIN LIBRARY, KITWE.   11/30/2022   PR 6052. R35S8 B37 011532 11/30/2022 11/30/2022 MONOGRAPH